MARC details
| 000 -CABECERA |
| campo de control de longitud fija |
01188nam a22002777a 4500 |
| 005 - FECHA Y HORA DE LA ÚLTIMA TRANSACCIÓN |
| campo de control |
20250703144452.0 |
| 007 - CAMPO FIJO DE DESCRIPCIÓN FÍSICA--INFORMACIÓN GENERAL |
| campo de control de longitud fija |
cr |||aaa||||| |
| 008 - ELEMENTOS DE LONGITUD FIJA--INFORMACIÓN GENERAL |
| campo de control de longitud fija |
250617s2018 ck|abdofoz||| 001 e spa d |
| 020 ## - NÚMERO INTERNACIONAL NORMALIZADO PARA LIBROS |
| Número Internacional Estándar del Libro |
9789587227000 |
| 040 ## - FUENTE DE LA CATALOGACIÓN |
| Centro catalogador/agencia de origen |
MX-MxUPN |
| Lengua de catalogación |
spa |
| Centro/agencia transcriptor |
MX-MxUPN |
| Normas de descripción |
aacr2 |
| 041 ## - CÓDIGO DE IDIOMA |
| Código de lengua del texto/banda sonora o título independiente |
spa |
| 050 ## - SIGNATURA TOPOGRÁFICA DE LA BIBLIOTECA DEL CONGRESO |
| Número de clasificación |
H62 |
| 100 ## - ASIENTO PRINCIPAL--NOMBRE PERSONAL |
| Nombre de persona |
Gutiérrez Giraldo, Martha Cecilia |
| 9 (RLIN) |
57025 |
| 100 1# - ASIENTO PRINCIPAL--NOMBRE PERSONAL |
| Nombre de persona |
Pagès, Joan |
| 9 (RLIN) |
48974 |
| 245 ## - MENCIÓN DE TÍTULO |
| Título |
Pensar para intervenir en la solución de las injusticias sociales : |
| Resto del título |
la justicia y el pensamiento social en la enseñanza de las ciencias sociales |
| Medio |
[recurso electrónico en línea] |
| 260 ## - PUBLICACIÓN, DISTRIBUCIÓN, ETC. |
| Lugar de publicación, distribución, etc. |
Pereira, Colombia : |
| Nombre del editor, distribuidor, etc. |
Universidad Tecnológica de Pereira, Facultad de Ciencias de la Educación, |
| Fecha de publicación, distribución, etc. |
2018 |
| 300 ## - DESCRIPCIÓN FÍSICA |
| Extensión |
1 recurso electrónico (142 páginas) : |
| Otras características físicas |
PDF |
| 490 ## - MENCIÓN DE SERIE |
| Mención de serie |
Trabajos de Investigación |
| 500 ## - NOTA GENERAL |
| Nota general |
Incluye bibliografía |
| 650 #4 - ASIENTO SECUNDARIO DE MATERIA - TERMINO TEMATICO |
| Término de materia o nombre geográfico como elemento de entrada |
Ciencias sociales |
| Subdivisión general |
Estudio y enseñanza |
| 9 (RLIN) |
6678 |
| Subdivisión geográfica |
Colombia |
| 650 #4 - ASIENTO SECUNDARIO DE MATERIA - TERMINO TEMATICO |
| Término de materia o nombre geográfico como elemento de entrada |
Pluralismo cultural |
| Subdivisión general |
Estudio y enseñanza |
| 9 (RLIN) |
50075 |
| Subdivisión geográfica |
Colombia |
| 650 #4 - ASIENTO SECUNDARIO DE MATERIA - TERMINO TEMATICO |
| Término de materia o nombre geográfico como elemento de entrada |
Justicia social |
| Subdivisión general |
Estudio y enseñanza |
| Subdivisión geográfica |
Colombia |
| 9 (RLIN) |
52720 |
| 856 ## - LOCALIZACIÓN Y ACCESO ELECTRÓNICOS |
| Identificador Uniforme del Recurso |
<a href="https://hdl.handle.net/11059/14510">https://hdl.handle.net/11059/14510</a> |
| 902 ## - ELEMENTOS DE DATOS B LOCAL, LDB (RLIN) |
| Creó |
Maiella Martínez / 17062025 |
| 942 ## - ELEMENTOS DE PUNTO DE ACCESO ADICIONAL (KOHA) |
| Fuente del sistema de clasificación o colocación |
Library of Congress Classification |
| Tipo de ítem Koha |
Libro Electrónico |